| 000 | 01121nam a2200241Ia 4500 | ||
|---|---|---|---|
| 001 | 11133 | ||
| 003 | GE_BSU | ||
| 008 | 181216s||||||||xx |||||||||||||| ||und|| | ||
| 040 | _cGE_BSU | ||
| 080 | _a631.563+664.8 | ||
| 100 | _aკობახიძე,შ | ||
| 245 | _aსუბტროპიკული მცენარეული ნედლეულის შენახვა და გადამუშავება. | ||
| 245 | _bსახელმძღვ.სუბრტოპიკული ინ-ტის სტუდენტებისათვის. | ||
| 245 | _cრედ:ელ.ფიფია. | ||
| 250 | _aმეორე შევსებული და გადამუშავებული გამოცემა. | ||
| 260 | _aთბილისი. | ||
| 260 | _bგანათლება. | ||
| 260 | _c1986. | ||
| 300 | _a422გვ;22სმ. | ||
| 300 | _eილ; | ||
| 653 | _aსუბტროპიკული მცენარეული ნედლეულის შენახვა და გადამუშავება. | ||
| 942 | _cBK | ||
| 999 |
_c44371 _d44371 |
||